| 000 | 02022nam0a2200397 4500 | ||
|---|---|---|---|
| 001 | RU\NLR\BIBL_A\016317703 | ||
| 005 | 20230425165851.0 | ||
| 010 |
_a978-5-209-11608-0 _9100 |
||
| 021 |
_aRU _bКН-П-23-007587 _9КН-П-23-0729 |
||
| 035 | _a(NLR Aleph) 016317703 | ||
| 035 | _a(RuMoRGB)011577459 | ||
| 090 |
_a13021983 _c13021983 |
||
| 100 | _a20230321d2022 u y0rusy50 ca | ||
| 101 | 0 |
_arus _aspa |
|
| 102 | _aRU | ||
| 105 | _ay|||j|||000zy | ||
| 181 | 0 |
_ai4 _baxxe |
|
| 182 | 0 | _an | |
| 200 | 1 |
_aИспанский язык профессионально-деловой коммуникации в сфере АПК _dEl español de los negocios en la esfera agroindustrial _eучебник _eдля студентов аграрных специальностей, изучающих испанский язык _fЕ. А. Нотина, Л. В. Коваленко |
|
| 203 |
_aТекст _bвизуальный _cнепосредственный |
||
| 205 | _aИзд. 2-е, испр. | ||
| 210 |
_aМосква _cРоссийский университет дружбы народов _d2022 |
||
| 215 |
_a266, [2] с. _d20 |
||
| 320 | _aБиблиогр.: с. 266 (12 назв.) | ||
| 510 | 1 |
_6z77790 _aEl español de los negocios en la esfera agroindustrial _zspa |
|
| 606 | 1 |
_aИспанский язык _xУчебные издания для сельскохозяйственных специальностей _2nlr_sh2 _3RU\NLR\AUTH\661600273 |
|
| 675 | _a811.134.2 | ||
| 686 | 1 | _aШ147.21-93рус328.9 | |
| 700 | 1 |
_aНотина _bЕ. А. _gЕлена Александровна _3RU\NLR\AUTH\77123709 |
|
| 701 | 1 |
_aКоваленко _bЛ. В. _gЛариса Валентиновна _3RU\NLR\AUTH\77123710 |
|
| 790 | 1 |
_6z77 _aNotina _bE. A. _gElena Aleksandrovna _3RU\NLR\AUTH\77123711 |
|
| 790 | 1 |
_6z77 _6z77510 _aKovalenko _bL. V. _gLarisa Valentinovna _3RU\NLR\AUTH\77123712 |
|
| 942 | _cBOOK | ||
| 980 | _aNB | ||